[Event "EU-Cup 09th final"]
[Site "Hilversum"]
[Date "1993.12.12"]
[Round "3"]
[White "Polgar, Judit"]
[Black "Nikolic, Predrag"]
[Result "0-1"]
[WhiteElo "2630"]
[BlackElo "2625"]
[Annotator "Ftacnik,L"]
[PlyCount "62"]
[EventDate "1993.12.10"]
[EventType "team-k.o."]
[EventRounds "3"]
[EventCountry "NED"]
[SourceTitle "EXT 2020"]
[Source "ChessBase"]
[SourceDate "2019.10.17"]
[SourceVersion "1"]
[SourceVersionDate "2019.10.17"]
[SourceQuality "1"]
[WhiteTeam "Hilversum"]
[BlackTeam "Sarajevo Bosna"]
[WhiteTeamCountry "NED"]
[BlackTeamCountry "BIH"]

1. e4 e6 2. d4 d5 3. Nc3 Bb4 4. e5 c5 5. a3 Bxc3+ 6. bxc3 Ne7 7. Qg4 Kf8 (7...
O-O 8. Nf3 Nbc6 9. Bd3) 8. Bd3 Qa5 9. Bd2 Qa4 10. c4 (10. Kd1) (10. Ra2 Nbc6)
10... dxc4 11. dxc5 Bd7 12. Be2 $6 (12. Qxc4 Qxc4 13. Bxc4 Bc6 14. Nf3 Nd7 15.
O-O Bxf3 16. gxf3 Nxe5 17. Be2 $13) 12... Bc6 13. f4 (13. Nf3 $2 c3 $1 14. Bf4
(14. Qxa4 cxd2+ $19) 14... Ng6 15. g3 Nd7 $17) 13... h5 $1 14. Qg3 (14. Qg5 Nd7
15. Nf3 Nf5 {/\ f6}) (14. Qh3 c3 15. Bxc3 Qxf4 $17) 14... h4 15. Qg4 Qxc2 16.
Rc1 Qf5 17. Kf2 (17. Qxf5 Nxf5 18. Nf3 (18. Kf2 Ng3 $1 19. hxg3 hxg3+ 20. Kxg3
Rxh1 $19) 18... h3 $1 19. g3 Nd4 20. Kf2 Nxe2 21. Kxe2 Bd5 $17) 17... Qxg4 18.
Bxg4 Bd5 19. Be2 Nd7 20. Bxc4 Nxc5 21. Bxd5 $6 (21. Nf3 Rc8 22. Be2 $17) 21...
Nd3+ 22. Ke3 Nxc1 23. Be4 Nb3 24. Bb4 Rc8 25. Nf3 Nc5 26. Rd1 (26. Rc1 b6)
26... Ke8 27. Nd4 Nxe4 28. Kxe4 a6 29. Bxe7 Kxe7 30. Rb1 b5 31. a4 Rc4 (31...
Rc4 32. axb5 Rd8 $19) 0-1

[Event "Hastings 9495"]
[Site "Hastings"]
[Date "1994.??.??"]
[Round "6"]
[White "Madl, Ildiko"]
[Black "Luther, Thomas"]
[Result "0-1"]
[WhiteElo "2415"]
[BlackElo "2510"]
[Annotator "Ftacnik,L"]
[PlyCount "72"]
[EventDate "1994.12.??"]
[EventType "tourn"]
[EventRounds "9"]
[EventCountry "ENG"]
[EventCategory "9"]
[SourceTitle "CBM 045"]
[Source "ChessBase"]
[SourceDate "1995.04.01"]
[SourceVersion "1"]
[SourceVersionDate "1995.04.01"]
[SourceQuality "1"]

1. e4 e6 2. d4 d5 3. Nc3 Bb4 4. e5 c5 5. a3 Ba5 6. Bd2 Nc6 7. Nb5 Nxd4 $1 8.
Nxd4 (8. Nd6+ $6 Kf8 $17) 8... cxd4 9. Bb5+ Bd7 10. Bxd7+ Kxd7 11. Nf3 Bb6 12.
O-O Ne7 13. a4 (13. Bb4 Nc6 14. Bd6 Bc7 15. Nxd4 Nxe5 $15) 13... a6 14. Ng5 (
14. Ra3 h6 15. Rb3 Nc6 16. a5 Bc7 {Stefansson-Hug,W/Luzern WchT/1993/} 17. Rxb7
Rb8 18. Rxb8 Qxb8 $15) 14... Qe8 15. Qf3 Bc7 $1 (15... h6 16. Nxf7 Rf8 17. Qb3
$1) 16. Qxf7 (16. Nxf7 $2 Rf8 $19) 16... Qxf7 17. Nxf7 Rhf8 18. Ng5 h6 19. Nf3
Nc6 20. Rfe1 Rxf3 $5 (20... Rf5 21. Re2 Bxe5 22. Rae1 $14) 21. gxf3 Nxe5 22.
Kg2 Rf8 23. Ra3 (23. Bb4 Rf4 $15) 23... Nc4 24. Bb4 (24. Rd3 $2 Nxd2 25. Rxd2
Ba5 $19) 24... Rf5 25. Rd3 Ne5 26. Rb3 Ng6 27. Kf1 Ne5 (27... Nh4 28. Ke2) 28.
Kg2 d3 $1 29. cxd3 Rg5+ 30. Kh1 (30. Kf1 Nxf3 31. Rd1 $2 Rg1+ 32. Ke2 Nd4+ $19)
30... Nxf3 31. h4 (31. Rd1 Rh5 32. Kg2 Nd4 $1 33. Ra3 Rxh2+ 34. Kg1 Nf3+ 35.
Kf1 Rh1+ 36. Ke2 Nd4+ 37. Kd2 Bf4+ 38. Kc3 Rxd1 39. Kxd4 Bg5 $19) 31... Rg4 32.
Rc1 Bf4 33. Rd1 Rxh4+ 34. Kg2 Nd4 35. Rc3 Rh2+ 36. Kg1 Ne2+ 0-1

[Event "DDR-ch 36th"]
[Site "Glauchau"]
[Date "1987.??.??"]
[Round "1"]
[White "Goldberg, Alexander"]
[Black "Knaak, Rainer"]
[Result "1/2-1/2"]
[WhiteElo "2325"]
[BlackElo "2505"]
[Annotator "Goldberg,A"]
[PlyCount "134"]
[EventDate "1987.02.05"]
[EventType "tourn"]
[EventRounds "13"]
[EventCountry "DDR"]
[EventCategory "6"]
[SourceTitle "EXT 2003"]
[Source "ChessBase"]
[SourceDate "2002.11.25"]
[SourceVersion "1"]
[SourceVersionDate "2002.11.25"]
[SourceQuality "1"]

{SCHACH 4/1987} 1. e4 e6 2. d4 d5 3. Nc3 Bb4 4. e5 c5 5. a3 Bxc3+ 6. bxc3 Ne7
7. h4 Nbc6 8. h5 h6 9. Nf3 Qa5 10. Bd2 Bd7 11. Rb1 Qc7 12. Bd3 c4 13. Be2 O-O-O
14. Nh4 g5 15. hxg6 fxg6 16. Nf3 g5 17. Nh2 $1 Nf5 18. Ng4 Rdf8 ({Nicht} 18...
Be8 $2 19. Bxg5) 19. Nf6 Be8 20. Qc1 Bg6 21. Qb2 {Bindet Schwarz an b7} Ng7 ({
Evtl. wäre} 21... b6 {zu erwägen.}) 22. f4 $5 {Forciert die Ereignisse.} ({
In Betracht kam} 22. Be3 {Kd2 und Verdoppelung in der h-Linie.}) 22... Ne8 {
Der lästige Vorposten muss beseitigt werden.} 23. fxg5 hxg5 24. Rxh8 Rxh8 25.
Bxg5 Nxf6 26. Bxf6 Rh2 27. Bg4 Qh7 $1 (27... Bf5 $2 28. Bxf5 {und Kf2 ist
weisser Vorteil.}) 28. Bxe6+ Kb8 29. Bg8 $1 {[#]} (29. Bxd5 $2 Bxc2 30. Rc1 Be4
$1) 29... Rh1+ $2 {Dies sollte verlieren.} ({Richtig war} 29... Qd7 $1 30. Bxd5
Rh1+ 31. Kd2 Rxb1 32. Bxc6 Qxc6 ({Bei} 32... Rxb2 33. Bxd7 {sind die weissen
Freibauern sehr stark.}) 33. Qxb1 Qxg2+ 34. Kc1 Qf1+ 35. Kb2 Qxb1+ 36. Kxb1 Bf7
$11) 30. Kf2 Rxb1 31. Bxh7 Rxb2 32. Bxg6 Kc7 33. Bf5 b5 34. g4 a5 35. Ke3 $6 (
35. g5 {gewann schnell:} b4 36. axb4 axb4 (36... a4 37. g6 a3 38. g7 a2 39.
g8=Q a1=Q 40. Qc8+) 37. g6 b3 38. g7 bxc2 39. Bxc2 Rxc2+ 40. Kf3 Rxc3+ 41. Kf4
Nxd4 42. g8=Q Ne2+ 43. Kf5 Nd4+ 44. Kg4) 35... b4 36. cxb4 axb4 37. axb4 Nxb4
38. Kd2 Nc6 39. Kc3 Ra2 40. g5 Ra3+ 41. Kb2 Rg3 42. e6 c3+ 43. Ka3 $6 (43. Ka2
{war genauer}) 43... Rf3 44. g6 $2 {Erst hier wurde der Sieg vergeben,} ({
der mit} 44. Bg4 Rf4 45. e7 Re4 46. Bf3 {- jetzt sieht man, wieso 43. Ka2
genauer wäre, denn dann gewänne Be5+, was jetzt an Nxe5 nebst Nc4+ scheitert -}
Re3 47. Bxd5 Nxe7 48. Bf7 {zu erreichen gewesen wäre.}) 44... Rxf5 $1 45. g7
Rxf6 46. g8=Q Kd6 $1 47. Qg3+ Kxe6 48. Qxc3 Ne7 49. Kb4 Kd7 50. Qh3+ Kc7 51.
Qg3+ Kd7 52. Qg4+ Kd8 53. Kc3 Rc6+ 54. Kd3 Rc4 55. Qh4 Kd7 56. Qh5 Rc6 57. Qh7
Rc8 58. Ke3 Rc4 59. Qd3 Rc6 60. Qb5 Ke6 61. Qb3 Rc4 62. c3 Rc8 63. Qc2 Rc6 64.
Kf4 Kf6 65. Qf2 Ke6 66. Qe2+ Kd7 67. Qb5 Ke6 1/2-1/2

[Event "Nikolaev zt"]
[Site "Nikolaev"]
[Date "1995.??.??"]
[Round "7"]
[White "Golubev, Mikhail"]
[Black "Koutsin, Sergey"]
[Result "1/2-1/2"]
[WhiteElo "2570"]
[BlackElo "2435"]
[Annotator "Golubev,M"]
[PlyCount "49"]
[EventDate "1995.03.??"]
[EventType "swiss"]
[EventRounds "11"]
[EventCountry "UKR"]
[SourceTitle "CBM 047"]
[Source "ChessBase"]
[SourceDate "1995.08.01"]
[SourceVersion "1"]
[SourceVersionDate "1995.08.01"]
[SourceQuality "1"]

1. e4 e6 2. d4 d5 3. Nc3 Bb4 4. e5 c5 5. a3 Bxc3+ 6. bxc3 Qa5 7. Bd2 Qa4 8. Qb1
(8. Qg4 Kf8 (8... g6 $1) (8... Ne7 $5) 9. Qd1) (8. Nf3 Nc6 $5 9. dxc5 f6 10.
Nd4 Nxd4 11. cxd4 Qxd4 12. Bb5+ Kf7 13. O-O Qxe5 14. c4 $13 {Stripunsky,
A-Krivoshey,S/Nikolaev(zt)/1995/}) 8... c4 9. Nh3 Nc6 10. Be2 (10. g3 Bd7 11.
Nf4 O-O-O 12. Bh3 h5 13. Qd1 $14 {Kruppa,Y-Krivoshey,S/Nikolaev(zt)/1995/})
10... Bd7 (10... f6 $32 11. exf6 (11. f4 $5) 11... Nxf6) 11. O-O (11. Nf4 O-O-O
12. Nh5 f6 $13) 11... O-O-O 12. Nf4 f6 $6 (12... Nge7 13. Nh5) (12... g6 $5)
13. Bg4 (13. exf6 Nxf6 14. Bf3 g5 $5 (14... e5 15. Nxd5) 15. Nh5 $36) 13... f5
$8 14. Be2 Nge7 15. h4 (15. Nh5 $5) 15... g6 16. Nh3 h6 17. Qc1 Ng8 18. Re1 $2
(18. g4 $1 Nce7 19. Rb1 $16) 18... Rf8 19. Rb1 Rf7 20. Qb2 b6 21. Qc1 Rfh7 22.
Bf3 Nge7 23. g3 Be8 24. Bg2 Bf7 25. Rf1 1/2-1/2

[Event "Utrecht OKU op"]
[Site "Utrecht"]
[Date "2005.06.12"]
[Round "5"]
[White "Van Wissen, Michiel"]
[Black "L'Ami, Erwin"]
[Result "0-1"]
[WhiteElo "2330"]
[BlackElo "2531"]
[Annotator "Gutman,L"]
[PlyCount "62"]
[EventDate "2005.06.10"]
[EventType "swiss"]
[EventRounds "6"]
[EventCountry "NED"]
[SourceTitle "CBM 106 Extra"]
[Source "ChessBase"]
[SourceDate "2005.07.01"]
[SourceVersion "1"]
[SourceVersionDate "2005.07.01"]
[SourceQuality "1"]

1. e4 e6 2. d4 d5 3. Nc3 Bb4 4. e5 c5 5. a3 Bxc3+ 6. bxc3 Ne7 7. Qg4 O-O 8. Bd3
Nbc6 9. Nf3 (9. Bg5 $5 {gilt als anspruchsvoller.}) 9... f5 10. exf6 Rxf6 11.
Qh5 h6 12. Ne5 (12. O-O c4 13. Be2 {ist die übliche Folge.}) 12... c4 (12...
Nxe5 13. dxe5 Rf8 14. O-O c4 15. Be2 Bd7 {ist durchaus möglich.}) 13. Ng4 ({
Ein neuer Versuch.} 13. Bg5 Nxe5 14. dxe5 Rf8 15. Bg6 Qc7 16. Bxe7 Qxe7 17. h4
Bd7 {sahen wir in Morgan-Lputian, Los Angelos 1991.}) 13... cxd3 14. Nxf6+ gxf6
15. cxd3 e5 16. O-O (16. Qxh6 Qf8 17. Qxf8+ Kxf8 18. dxe5 Nxe5 19. d4 Nd3+ 20.
Ke2 Nxc1+ 21. Raxc1 Nf5 {ist naheliegend.}) 16... Bf5 17. dxe5 Nxe5 $6 (17...
fxe5 $5 18. Rd1 Qa5 {kommt Schwarz zugute.}) 18. d4 Nf7 19. Bxh6 Bg6 20. Qh3 $2
(20. Qh4 Nxh6 21. Qxh6 {sieht freundlicher für Weiß aus.}) 20... Qc8 21. Qxc8+
Rxc8 22. Rfe1 Nf5 23. Bd2 N7d6 24. f3 Nc4 25. Bf4 Kf7 26. Rab1 $2 (26. g4 Ng7
27. h4 {mit etwa gleichen Chancen.}) 26... b6 27. Rb5 {treibt Weiß ins
Verderben.} Ne7 28. a4 a6 29. Rb4 Nc6 30. Rxc4 dxc4 31. Re2 Ne7 0-1

[Event "Lippstadt Turm op"]
[Site "Lippstadt"]
[Date "2009.06.14"]
[Round "7"]
[White "Becker, Martin Alexander"]
[Black "Teske, Henrik"]
[Result "0-1"]
[WhiteElo "2350"]
[BlackElo "2523"]
[Annotator "Gutman,L"]
[PlyCount "106"]
[EventDate "2009.06.11"]
[EventType "swiss"]
[EventRounds "7"]
[EventCountry "GER"]
[SourceTitle "EXT 2010"]
[Source "ChessBase"]
[SourceDate "2010.11.25"]
[SourceVersion "1"]
[SourceVersionDate "2010.11.25"]
[SourceQuality "1"]

1. e4 e6 2. d4 d5 3. Nc3 Bb4 4. e5 c5 5. a3 Ba5 6. Bd2 Nc6 7. Qg4 g6 ({Eine
vorbereitete Überraschung. Die üblichen Fortsetzungen sind} 7... Kf8) ({oder} 
7... Nge7) 8. dxc5 Nxe5 9. Qd4 ({In Frage kam} 9. Qg3 Nd7 10. Nf3 {mit
besseren Aussichten für Weiß.} Ne7 (10... Ngf6 11. b4 Bc7 12. Qh4 O-O 13. Bg5
$16) 11. Qh4 O-O 12. b4 Bc7 13. Be2 Nf5 14. Qxd8 Rxd8 15. g4 Ne7 16. Nb5 Bb8
17. Nd6 $14) 9... f6 10. O-O-O Ne7 11. f4 Ng4 12. Nf3 O-O 13. h3 $2 ({Nach} 13.
Qg1 Bxc3 14. Bxc3 {stünde Weiß klar überlegen.} Qc7 (14... Nf5 15. Bd2) 15. h3
Nh6 16. g4 Qxf4+ 17. Bd2 Qxf3 18. Bxh6 Rd8 19. Bd3 $16) 13... Bxc3 14. Bxc3 Nf5
15. Qd2 Nge3 16. Re1 Nxf1 17. Rhxf1 Ng3 18. Rg1 Bd7 19. Qd4 Rc8 20. Nd2 Qc7 21.
Qf2 $6 ({Vorzuziehen war} 21. Qe3 Nf5 22. Qf2 Ng7 $15 {und der weiße Nachteil
bleibt in Rahmen.}) 21... Nh5 22. f5 exf5 $6 ({Viel stärker wäre} 22... e5 23.
fxg6 hxg6 24. Kb1 Nf4 $17 {mit Vorteil für Schwarz gewesen.}) 23. g4 Nf4 24.
Re7 ({Auch nach} 24. Qf3 fxg4 25. hxg4 g5 26. Nb3 Ba4 27. Nd4 Qxc5 $15 {
bleibt Schwarz am Ruder.}) 24... Qxc5 25. Qxc5 Rxc5 26. Rf1 $2 ({Hartnäckiger
war} 26. Bb4 Nd3+ 27. Kb1 Nxb4 28. Rxd7 Nxc2 29. gxf5 g5 30. Rxb7 Nd4 31. Rxa7
Nxf5 $15 {mit Plus für Schwarz.}) 26... Rf7 27. Bxf6 Nxh3 28. g5 (28. Rxf7 Kxf7
29. Bd4 Ra5 30. Nf3 fxg4 31. Ne5+ Ke6 32. Nxg4 h5 $17) 28... Rxe7 29. Bxe7 Rc6
({Zu überlegen war} 29... Rc8 $5 30. Bf6 f4 $17) 30. Bf6 Rc8 31. Nf3 f4 32. Nd4
Bf5 $6 ({Zum entscheidendem Vorteil führte} 32... Re8 33. Kd2 Kf7 34. Nf3 h6
$19) 33. Kd2 ({Das kleinere Übel wäre} 33. Nxf5 gxf5 34. Rf3 Ng1 35. Rf1 Ne2+
36. Kd2 Re8 37. Re1 f3 38. Rf1 Kf7 39. Rxf3 Kg6 $17) 33... Be4 34. Be5 Kf7 ({
Zeitnot, stärker war} 34... Re8 $1 $19) 35. Re1 Nxg5 36. Bxf4 Nf3+ ({Und hier} 
36... Ne6 37. Nxe6 Kxe6 38. c3 h5 $19) 37. Nxf3 Bxf3 38. Bg5 Be4 39. c3 Kg7 40.
Rf1 Bf5 41. Rh1 Re8 (41... a6 42. Rh4 Re8 43. Rb4 Bc8 44. Rb6 Rf8 45. Rd6 Rf2+
46. Kc1 Rg2 $17 {kam ebenfalls in Betracht.}) 42. Bh6+ Kf6 43. Be3 g5 44. Bxa7
Kg6 45. Be3 Re4 46. b4 b5 47. Ra1 (47. Rg1 g4 48. Ra1 Bd7 $17) 47... Rh4 (47...
Bd7 $17) 48. Bf2 Rh3 49. a4 (49. Bd4 Bd7 $17) 49... bxa4 50. Rxa4 Rd3+ 51. Ke2
({Mehr Widerstand konnte Weiß nach} 51. Ke1 Rxc3 52. Ra6+ Kh5 53. Rd6 Rb3 54.
Rxd5 Kg4 55. Bc5 h5 $17 {leisten.}) 51... Rxc3 52. b5 $2 ({und hier nach} 52.
Ra6+ Kh5 53. Rd6 Be4 54. b5 Rb3 55. b6 Kg4 56. Rh6 Kf4 $17) 52... Bd3+ 53. Kd2
Bxb5 0-1

[Event "Donner Memorial"]
[Site "Amsterdam"]
[Date "1995.??.??"]
[Round "4"]
[White "Polgar, Judit"]
[Black "Timman, Jan H"]
[Result "1/2-1/2"]
[WhiteElo "2635"]
[BlackElo "2590"]
[Annotator "Hansen,Cu"]
[PlyCount "91"]
[EventDate "1995.08.??"]
[EventType "tourn"]
[EventRounds "11"]
[EventCountry "NED"]
[EventCategory "16"]
[SourceTitle "CBM 049"]
[Source "ChessBase"]
[SourceDate "1995.12.01"]
[SourceVersion "1"]
[SourceVersionDate "1995.12.01"]
[SourceQuality "1"]

1. e4 {Hecht King} e6 2. d4 d5 3. Nc3 Bb4 4. e5 c5 5. a3 Bxc3+ 6. bxc3 Ne7 7.
Qg4 O-O 8. Bd3 f5 9. exf6 Rxf6 10. Bg5 Rf7 11. Qh5 g6 12. Qd1 Nbc6 (12... Qa5
13. Bd2 Nbc6 14. Nf3 c4 15. Be2 Bd7 16. O-O Raf8 $14 {Sax,G-Ehlvest,J/
Reykjavik/1988/}) 13. Nf3 Qf8 (13... Bd7 14. h4 Qc7 15. h5 e5 16. hxg6 $13 {
Atlas,V-Schlenker,J/LIE/1991/}) (13... Qa5 14. Bd2 (14. Qd2 c4 (14... cxd4 15.
cxd4 Qxd2+ 16. Bxd2 Nf5 17. Ne5 Nxe5 18. dxe5 Bd7 19. Rb1 b6 20. O-O Rc8 $10 {
Macieja,Bartlomiej-Masternak,Grzegorz/Wisla BES (09) 1992 (40)}) 15. Be2 Nf5
16. Ne5 Rf8 17. Nxc6 bxc6 18. Bf4 c5 19. Be5 cxd4 20. cxd4 Qxd2+ 21. Kxd2 Nh4
22. g3 Nf3+ 23. Ke3 Nxe5 24. dxe5 Bd7 25. f4 Rab8 {1/2-1/2 Ernst,T-Giddins/
Gausdal 1995}) 14... Qc7 (14... Qa4 15. O-O cxd4 16. cxd4 Nxd4 17. Ne5 Rf8 18.
Bb4 Re8 19. Bxg6 hxg6 20. Qxd4 $16 {Vogt,L-Bus,M/Copenhagen Unibank (06) 1991 
(25)}) (14... c4 15. Be2 Nf5 (15... Bd7 16. O-O Nf5 17. Qc1 Raf8 18. a4 $13 {
Vehi,V-Alvarez Ibarra,R/San Sebastian op (02) 1994}) 16. h4 (16. O-O Nd6 17.
Ng5 Rf8 18. f4 {1/2-1/2 Kovalev,A-Uhlmann,W/Porz Citroen-Cup (03) 1990}) 16...
Bd7 17. h5 e5 18. hxg6 hxg6 19. dxe5 Re8 20. g4 $16 {Ernst,T-Giddins,S/Gausdal
International 1994 (31)}) (14... Bd7 15. h4 $1 e5 $5 16. c4 $1 (16. Nxe5 Nxe5
17. dxe5 $13) 16... Qa4 17. Ng5 dxc4 (17... Rff8 18. Nxh7 $1 $40) 18. Be4 Bf5
19. Nxf7 Bxe4 20. Qg4 $1 c3 21. Bg5 $18 {Epishin,V-Ulibin,M/Minsk 1990 (35)})
15. O-O e5 16. Ng5 Rf8 17. c4 e4 18. cxd5 exd3 19. dxc6 Qxc6 20. cxd3 Bf5 21.
Re1 $16 {Ernst,T-Schmidt,P/Vienna op (06) 1991}) (13... Qc7 14. O-O c4 (14...
e5 15. Nxe5 Nxe5 16. dxe5 Qxe5 17. Qd2 Bd7 18. Rfe1 Qd6 19. Bc4 $16 {Oll,
L-Bruyneels/Antwerpen op(02) 1993}) 15. Be2 Bd7 16. Qd2 Re8 17. Rfe1 Nc8 18.
Bh4 Qf4 19. Qd1 Qh6 20. Bg3 Qf8 21. Qd2 h6 $10 {Khalifman,A-Brenninkmeijer,J/
Groningen 1990}) (13... Qd6 14. O-O c4 15. Be2 Nf5 16. Qd2 {/\ Bf4} Ng7 17. g3
Qf8 (17... Bd7 18. Bf4 Qf8 19. Ne5 $16) 18. Ne5 (18. Bf4 Rxf4 $5 19. Qxf4 (19.
gxf4 Nh5 20. Rfe1 Nxf4 21. Bf1 Bd7 {/\ Qf6, Rf8~/=}) 19... Qxf4 20. gxf4 Nh5
21. f5 $1 $14 {Vogt,L-Hansen,LB/Altensteig 58/326 1993/1-0 (55)}) 18... Nxe5
19. dxe5 Qc5 20. g4 Bd7 21. Be3 Qc7 22. Qd4 b6 $14 {Sion Castro,M-De la Villa
Garcia,J/Leon 1991 (48)}) (13... Qc7) (13... Qa5) 14. O-O (14. Qd2 $5 Rxf3 $8
15. gxf3 Qxf3 16. Rg1 $14) 14... c4 (14... Nf5 15. Ne5 Nxe5 16. dxe5 c4 17.
Bxf5 gxf5 18. Bf6 Rxf6 19. exf6 Qxf6 20. Qd4 $16 {Tatai-Luce/Pau op 1988 (33)})
15. Be2 h6 16. Bc1 (16. Be3 Bd7 17. Qd2 Kh7 18. h3 Nf5 19. Nh2 Qg7 20. f4 Raf8
21. Bf2 Nd6 $10 {Timoshchenko,G-Berelovich,A/Berliner Sommer (05) ,EXP 47 1995
(39)}) (16. Bh4 Nf5 17. Bg3 g5 18. Qd2 Bd7 19. h4 (19. Ne5 $6 Nxg3 20. hxg3
Nxe5 21. dxe5 Qg7 22. Qd4 Rf5 23. f4 g4 $10) 19... Qe7 (19... g4 20. Ne5 Nxg3
21. fxg3 Nxe5 22. dxe5 $40) 20. hxg5 Nxg3 21. fxg3 hxg5 22. Qe3 (22. Nxg5 Rg7
23. Nf3 Rxg3 24. Qf4 Qg7 $132) 22... Raf8 23. Nxg5 Rxf1+ (23... Rg7 $2 24.
Rxf8+ Kxf8 25. Nh3 $16) 24. Bxf1 (24. Rxf1 Rxf1+ 25. Kxf1 Qxa3 26. Nxe6 $6 Qe7
27. Qg5+ Qxg5 28. Nxg5 Bf5 $15) 24... e5 25. dxe5 (25. Re1 e4 $44) 25... Qxe5
26. Qxe5 Nxe5 $44 {Timman,J-Yusupov,A/Novgorod (08) ;CBM 48 1995 (35)}) 16...
Qg7 (16... Bd7 17. a4 Be8 18. Qd2 g5 19. Ba3 Rd8 20. Rae1 Qg7 21. Bd1 Rf6 22.
h4 Bh5 $10 {Howell,James-Edelman,Danny/New York op (04) 1990 (44)}) 17. Qd2 Nf5
18. h4 (18. g4 Nd6 19. Qxh6 Qxh6 20. Bxh6 Ne4 $132 {[%csl Rc3]}) 18... Bd7 19.
Bb2 {[%cal Ya1e1,Ye2d1,Ye1e6] /\Rae1,Bd1,<->e} Qf6 20. g3 e5 {[%csl Rb2]} 21.
dxe5 Nxe5 22. Nxe5 Qxe5 {[%cal Yf5g3] /\Nxg3} 23. Bf3 Nxh4 24. Bxd5 Be6 $15 25.
Bh1 Nf3+ 26. Bxf3 Rxf3 27. Rae1 (27. Qxh6 $4 Rxg3+ 28. fxg3 Qxg3+ 29. Kh1 Bd5+)
27... Qf6 28. Qxh6 Rf8 29. Bc1 $1 {King: Both sides strive for the initiative,
and with opposite coloured bishops, and the kings a little exposed, the stakes
are high.} Rf7 {[%csl Rh1][%cal Yf7h7,Ye6d5,Yd5h1,Yh7h1] /\Rh7,Bd5,Rh1#} (29...
Rxf2 30. Bf4 $10 (30. Qxf8+ {King} Qxf8 31. Rxf2 $16)) 30. Bf4 Rh7 31. Qg5 Qxg5
32. Bxg5 Bd7 {[%csl Re8] ><e8} (32... Bd5 33. Re8+ Kf7 (33... Rf8 34. Rxf8+
Kxf8 35. f3 $14) 34. Re7+ Kg8 35. Rxh7 Kxh7 36. Bd2 $10) 33. Re7 {King: Black
was threatening ...Bc6, so this simplification is forced and the game fades to
a draw.} Rxe7 34. Bxe7 Rxc3 35. Rc1 Bf5 36. Bb4 Rxc2 37. Rxc2 Bxc2 {Hecht:
Ungleiche L; blockierte sB-Mehrheit am Damenflügel} 38. Kf1 Kf7 39. Ke2 Ke6 40.
Kd2 Ba4 41. Bc5 b6 42. Be3 Kd5 43. Kc3 Bb3 44. Kd2 Kc6 45. Kc3 Kb5 46. Bg5
1/2-1/2